Disney's "Beauty and the Beast" - Statistics

General Stats
  • This quiz has been taken 78 times
  • The average score is 12 of 18
Answer Stats
Question Answer % Correct
What country does the movie take place in? France
93%
What color is Belle's dress while she is a commoner in the village? Blue
89%
Who is the egocentric villain that is obsessed with having Belle for himself at all costs? Gaston
88%
What actress plays Belle in the 2017 live-action remake of Beauty and the Beast? Emma Watson
82%
What magical thing is kept under a glass case in the above? Enchanted {Rose}
79%
What animals does Beast fight off to save Belle after she tries to escape the castle? Wolves
79%
What song does that character sing? {Be} {Our} {Guest}
75%
What is the name of the candlestick servant? Lumiere
75%
What is the name of Mrs. Potts' teacup son? Chip
73%
Who is Belle's father? Maurice
68%
Which area of the castle is it forbidden to enter? The {West} {Wing}
66%
What is the name of the clock? Cogsworth
61%
What are the first five words in the song "Beauty and the Beast"? Tale as old as time
61%
Fill in the blank for this song lyric: "I want ________ in the great wide somewhere" Adventure
48%
Who is the bumbling sidekick of the above? LeFou
48%
What is the name of Belle's horse? Philippe
39%
What British actress, also in Bedknobs and Broomsticks, is the voice of Mrs. Potts? Angela Lansbury
30%
Who is the voice actress for Belle? Paige O'Hara
29%
No matching quizzes found
Score Distribution
Percent of People with Each Score
Percentile by Number Answered
Your Score History
You have not taken this quiz